[Event "Baku Open 2023"]
[Site "Baku AZE"]
[Date "2023.05.12"]
[Round "9.21"]
[White "Romanov, Evgeny"]
[Black "Petriashvili, Nikoloz"]
[Result "0-1"]
[WhiteTitle "GM"]
[BlackTitle "IM"]
[WhiteElo "2578"]
[BlackElo "2432"]
[WhiteFideId "4148843"]
[BlackFideId "13611216"]
[EventDate "2023.05.04"]

1. e4 e5 2. Nc3 Nf6 3. g3 Bc5 4. Bg2 a6 5. Nf3 d6 6. d4 exd4 7. Nxd4 O-O 8. h3
Re8 9. O-O Bb4 10. Nde2 Nc6 11. f4 Nd7 12. Kh2 Bc5 13. b3 b5 14. Bb2 Bb7 15. g4
f6 16. Nd5 Ne7 17. Nxe7+ Qxe7 18. Ng3 Rad8 19. g5 Qf7 20. h4 d5 21. gxf6 dxe4
22. Qh5 gxf6 23. Qe2 f5 24. Bh3 Nf6 25. Nxf5 Kf8 26. Rg1 e3 27. Bc3 b4 28. Rg7
Qxg7 29. Nxg7 bxc3 30. Qc4 Rd2+ 31. Kg1 Bb6 0-1

[Event "Baku Open 2023"]
[Site "Baku AZE"]
[Date "2023.05.12"]
[Round "9.22"]
[White "Samunenkov, Ihor"]
[Black "Divya, Deshmukh"]
[Result "1/2-1/2"]
[WhiteTitle "IM"]
[BlackTitle "WGM"]
[WhiteElo "2501"]
[BlackElo "2372"]
[WhiteFideId "14187086"]
[BlackFideId "35006916"]
[EventDate "2023.05.04"]

1. d4 d5 2. Nf3 Nf6 3. g3 c5 4. Bg2 cxd4 5. O-O g6 6. Nxd4 Bg7 7. Nb3 a5 8. a4
Nc6 9. Nc3 Nb4 10. Nb5 Bf5 11. N3d4 Bd7 12. c3 Na6 13. Bg5 Bc6 14. Nxc6 bxc6 15.
Nd4 Qc7 16. Rb1 Nc5 17. b4 Ne6 18. Nxe6 fxe6 19. b5 cxb5 20. Rxb5 Qxc3 21. Rb6
Qe5 22. Bxf6 Bxf6 23. Bh3 Qd4 24. Qb3 Rd8 25. Bxe6 Kf8 26. Rb5 Qe4 27. Bxd5 Qxe2
28. Rxa5 Kg7 29. Bf3 Qd3 30. Rb5 Qxb3 31. Rxb3 Rd2 32. Re1 Ra2 33. Bc6 Rc8 34.
Re6 Kh6 35. Rd3 Rf8 36. Kf1 Rc2 37. Bb5 Bc3 38. Re2 Rc1+ 39. Kg2 e5 40. Rd7 Bd4
41. h4 Rc3 42. g4 g5 43. Rd6+ Kg7 44. hxg5 Rcf3 45. Rf6 R3xf6 46. gxf6+ Kxf6 47.
a5 Kg5 48. f3 h5 49. gxh5 Kxh5 50. a6 Rc8 51. Ra2 Kg5 52. Kf1 Kf4 53. Ke2 Rc7
54. Bd3 Rg7 55. Ra4 Rg2+ 56. Kd1 Rg1+ 57. Kc2 Kxf3 58. a7 Bxa7 59. Rxa7 e4 60.
Rf7+ Ke3 61. Re7 Rg4 62. Kc3 Rf4 63. Kc4 Kf3 64. Bc2 e3+ 65. Kd3 Kf2 66. Bb3
Rd4+ 67. Kxd4 e2 1/2-1/2

[Event "Baku Open 2023"]
[Site "Baku AZE"]
[Date "2023.05.12"]
[Round "9.23"]
[White "Begmuratov, Khumoyun"]
[Black "Abdisalimov, Abdimalik"]
[Result "1/2-1/2"]
[WhiteTitle "FM"]
[BlackTitle "IM"]
[WhiteElo "2400"]
[BlackElo "2494"]
[WhiteFideId "14210207"]
[BlackFideId "14206323"]
[EventDate "2023.05.04"]

1. e4 c5 2. Nf3 Nc6 3. d4 cxd4 4. Nxd4 e6 5. Bf4 Nf6 6. Nb5 e5 7. Bg5 Bc5 8.
N1c3 h6 9. Be3 Bb4 10. a3 Bxc3+ 11. Nxc3 d6 12. Qd2 Be6 13. O-O-O Ke7 14. f4
exf4 15. Bxf4 Ne5 16. Nb5 Qb6 17. Bxe5 dxe5 18. Qb4+ Ke8 19. Nd6+ Kf8 20. Qxb6 1/2-1/2

[Event "Baku Open 2023"]
[Site "Baku AZE"]
[Date "2023.05.12"]
[Round "9.24"]
[White "Makhnev, Denis"]
[Black "Aliyev, Ravan"]
[Result "1-0"]
[WhiteTitle "GM"]
[BlackTitle "FM"]
[WhiteElo "2483"]
[BlackElo "2280"]
[WhiteFideId "13707647"]
[BlackFideId "13409980"]
[EventDate "2023.05.04"]

1. d4 d5 2. Nf3 Nf6 3. c4 e6 4. g3 Be7 5. Bg2 O-O 6. O-O dxc4 7. Qc2 a6 8. a4
Bd7 9. Qxc4 Bc6 10. Bg5 Nbd7 11. Nc3 a5 12. Rfd1 h6 13. Bxf6 Nxf6 14. Ne5 Bxg2
15. Kxg2 c6 16. Qb3 Bb4 17. Na2 Ra6 18. Nxb4 Rb6 19. Nbxc6 Rxb3 20. Nxd8 Rxd8
21. e3 Rc8 22. Rdc1 Rxc1 23. Rxc1 Rxb2 24. Rc8+ Kh7 25. Kf3 Rb4 26. Nxf7 Rxa4
27. h4 Ng8 28. Nd8 e5 29. dxe5 b5 30. Ne6 b4 31. Rb8 Ne7 32. Nf8+ Kg8 33. e6 Nc6
34. Rc8 Ne7 35. Ra8 b3 36. Ng6+ Kh7 37. h5 1-0

[Event "Baku Open 2023"]
[Site "Baku AZE"]
[Date "2023.05.12"]
[Round "9.25"]
[White "Khamdamova, Afruza"]
[Black "Babazada, Khazar"]
[Result "0-1"]
[WhiteTitle "WFM"]
[BlackTitle "IM"]
[WhiteElo "2172"]
[BlackElo "2474"]
[WhiteFideId "14210444"]
[BlackFideId "13413554"]
[EventDate "2023.05.04"]

1. e4 c5 2. Nf3 e6 3. d4 cxd4 4. Nxd4 Nf6 5. Nc3 Nc6 6. Nxc6 bxc6 7. e5 Nd5 8.
Ne4 Qc7 9. f4 Qb6 10. c4 Ne3 11. Qd3 Bb4+ 12. Bd2 Ba6 13. Rc1 Bxc4 14. Rxc4 Nxc4
15. Qxc4 Bxd2+ 16. Nxd2 Qxb2 17. Bd3 Rb8 18. Ke2 Qa3 19. Rb1 Rxb1 20. Bxb1 Ke7
21. Bc2 Rb8 22. Bb3 Qa5 23. Qd4 Rb4 24. Qd6+ Ke8 25. Nc4 Qb5 26. Qd4 Kd8 27. Kf2
a5 28. Qd6 Qd5 29. Qf8+ Kc7 30. Kg3 Rxc4 31. Qd6+ Kc8 32. Qf8+ Kb7 33. Bxc4 Qxc4
34. Qxf7 Qd3+ 35. Kh4 c5 36. Qe7 Qd4 37. g3 c4 38. Qa3 c3 39. Qb3+ Qb4 40. Qc2
Kc7 41. Qd3 Qc5 42. Qc2 Qd4 43. Qb1 Qd2 44. Qb5 c2 45. Qc5+ Kb7 46. Qb5+ Ka7 47.
Qc5+ Ka6 48. Qc8+ Kb5 49. Qb7+ Kc4 50. Qc7+ Kd3 51. Qxd7+ Ke3 52. Qa7+ Kf3 53.
Qb7+ Kf2 54. Qb6+ Kg2 55. Qc6+ Kxh2 0-1

[Event "Baku Open 2023"]
[Site "Baku AZE"]
[Date "2023.05.12"]
[Round "9.26"]
[White "Sadikhov, Ulvi"]
[Black "Ahmad, Khagan"]
[Result "0-1"]
[WhiteTitle "GM"]
[BlackTitle "FM"]
[WhiteElo "2489"]
[BlackElo "2321"]
[WhiteFideId "13401416"]
[BlackFideId "13431552"]
[EventDate "2023.05.04"]

1. c4 e6 2. g3 Nf6 3. Bg2 d5 4. Nf3 Be7 5. O-O O-O 6. b3 c5 7. cxd5 Nxd5 8. Bb2
Nc6 9. d4 cxd4 10. Nxd4 Bf6 11. Nxc6 bxc6 12. Bxf6 Qxf6 13. Na3 Ba6 14. Qc2 Rac8
15. Rfc1 c5 16. Nc4 Rfd8 17. a3 g6 18. Na5 Rc7 19. Bf3 Rdc8 20. Rab1 Nb6 21. Qe4
c4 22. Nxc4 Bxc4 23. bxc4 Nxc4 24. Rb7 Nd2 25. Rbxc7 Rxc7 26. Qa8+ Kg7 27. Rd1
Qb2 28. h4 Rc1 29. Rxc1 Qxc1+ 30. Kh2 Qxa3 31. Qb7 Nxf3+ 32. exf3 h5 33. Kg2 a5
34. Qc7 Qb4 35. Qe5+ Kg8 36. g4 hxg4 37. h5 gxf3+ 38. Kg3 Qb1 39. Qxa5 Qg1+ 40.
Kxf3 Qh1+ 41. Kg3 Qxh5 42. Qd8+ Kg7 43. f4 Qd5 44. Qe7 Qd3+ 45. Kg4 Qe2+ 46. Kg3
Qe3+ 47. Kg4 Qf2 48. Qc7 Qg2+ 49. Kh4 Qf3 50. Qd6 Qd5 51. Qc7 Qg2 52. Qe5+ Kh7
53. Qc7 Kh6 54. Qe7 Qf2+ 0-1

[Event "Baku Open 2023"]
[Site "Baku AZE"]
[Date "2023.05.12"]
[Round "9.27"]
[White "Aradhya, Garg"]
[Black "Sivuk, Vitaly"]
[Result "1-0"]
[WhiteTitle "FM"]
[BlackTitle "GM"]
[WhiteElo "2305"]
[BlackElo "2533"]
[WhiteFideId "25006746"]
[BlackFideId "14116502"]
[EventDate "2023.05.04"]

1. d4 Nf6 2. c4 g6 3. Nf3 Bg7 4. g3 O-O 5. Bg2 d6 6. Nc3 Re8 7. O-O Bd7 8. e4 e5
9. dxe5 dxe5 10. h3 Nc6 11. Be3 Be6 12. b3 Qd7 13. Qxd7 Nxd7 14. Rfd1 f6 15. Nd5
Rac8 16. c5 Ncb8 17. Bf1 Bf8 18. b4 c6 19. Nc3 Red8 20. Rab1 Be7 21. Nd2 Nf8 22.
f4 exf4 23. gxf4 Rd7 24. Nc4 Rcd8 25. Rxd7 Rxd7 26. Re1 Bd8 27. Nd6 b5 28. a4
bxa4 29. Ra1 f5 30. Rxa4 fxe4 31. Ncxe4 Rc7 32. Ne8 Rb7 33. N4d6 Rd7 34. b5 cxb5
35. Bxb5 Re7 36. Bd4 Nfd7 37. Rxa7 Kf8 38. c6 Nxc6 39. Bxc6 Bb6 40. Bxb6 Nxb6
41. Ra6 Nd7 42. Ra8 Bxh3 43. Nf6+ Kg7 44. Nxd7 Re6 45. Ne8+ Kh6 46. Ne5 Re7 47.
Nf6 Rc7 48. Ra2 g5 49. Rh2 gxf4 50. Rxh3+ Kg5 51. Rxh7 Rxh7 52. Nxh7+ Kf5 53.
Nf3 Kg4 54. Be4 Kg3 55. Nf6 Kh3 56. Nd5 Kg3 57. Kf1 Kg4 58. Kg2 Kh5 59. Kh3 Kh6
60. Kg4 Kg7 61. Kf5 Kf8 62. Kf6 Kg8 63. Ne7+ Kf8 64. Nd4 Ke8 65. Bc6+ 1-0

[Event "Baku Open 2023"]
[Site "Baku AZE"]
[Date "2023.05.12"]
[Round "9.28"]
[White "Ayush, Sharma"]
[Black "Urazayev, Arystanbek"]
[Result "1-0"]
[WhiteTitle "FM"]
[BlackTitle "IM"]
[WhiteElo "2267"]
[BlackElo "2460"]
[WhiteFideId "45010943"]
[BlackFideId "13709810"]
[EventDate "2023.05.04"]

1. e4 e5 2. Nf3 Nc6 3. Bb5 a6 4. Ba4 Nf6 5. O-O b5 6. Bb3 Bc5 7. a4 Rb8 8. Nxe5
Nxe5 9. d4 Bxd4 10. Qxd4 d6 11. axb5 axb5 12. f4 Nc6 13. Qd3 O-O 14. Nc3 Nb4 15.
Qd2 Be6 16. Nd5 Nbxd5 17. exd5 Bf5 18. Ra7 Re8 19. Qa5 Re2 20. Re1 Qe7 21. Rxe2
Qxe2 22. Qd2 Qh5 23. Qe1 Re8 24. Qf1 h6 25. Rxc7 Re2 26. Rc3 Re7 27. h3 Qg6 28.
Rf3 Nh5 29. Qf2 Nf6 30. c3 Ne4 31. Qh4 Ra7 32. Be3 Ra8 33. Kh2 f6 34. Rf1 Nc5
35. Bxc5 dxc5 36. Qf2 c4 37. Bd1 Be4 38. Bf3 Rd8 39. Qb6 Re8 40. Qxb5 Bxf3 41.
Rxf3 Re2 42. Rg3 Qe4 43. Qb8+ Kh7 44. Qc7 Qe7 45. d6 1-0

[Event "Baku Open 2023"]
[Site "Baku AZE"]
[Date "2023.05.12"]
[Round "9.30"]
[White "Moksh, Amit Doshi"]
[Black "Eynullayev, Atilla"]
[Result "1-0"]
[WhiteTitle "IM"]
[BlackTitle "FM"]
[WhiteElo "2397"]
[BlackElo "2281"]
[WhiteFideId "25064967"]
[BlackFideId "13413570"]
[EventDate "2023.05.04"]

1. d4 Nf6 2. c4 e6 3. Nf3 d5 4. Nc3 Nbd7 5. Bf4 Bb4 6. cxd5 Nxd5 7. Bd2 N5f6 8.
g3 b6 9. Bg2 Bb7 10. O-O O-O 11. Rc1 c5 12. a3 Bxc3 13. bxc3 Qe7 14. a4 e5 15.
Bg5 Rad8 16. e3 cxd4 17. exd4 exd4 18. cxd4 h6 19. Bf4 Nd5 20. Re1 Qa3 21. Bd2
Rc8 22. Nh4 N7f6 23. Nf5 Rce8 24. Re5 Re6 25. a5 Rfe8 26. Rxe6 fxe6 27. Ra1 Qf8
28. Nh4 Qd6 29. Ng6 Ne7 30. Bf4 Qd8 31. Bxb7 Nxg6 32. Be3 Nd5 33. axb6 Nxe3 34.
fxe3 axb6 35. Qh5 Qf6 36. Be4 Kh7 37. h4 Rf8 38. Kh1 e5 39. Qxe5 1-0

[Event "Baku Open 2023"]
[Site "Baku AZE"]
[Date "2023.05.12"]
[Round "9.31"]
[White "Fishchuk, Vladyslav"]
[Black "Manafov, Vugar"]
[Result "0-1"]
[WhiteTitle "FM"]
[BlackTitle "FM"]
[WhiteElo "2252"]
[BlackElo "2399"]
[WhiteFideId "34122117"]
[BlackFideId "13410814"]
[EventDate "2023.05.04"]

1. d4 Nf6 2. Nf3 e6 3. c4 Bb4+ 4. Nbd2 O-O 5. a3 Bxd2+ 6. Bxd2 b6 7. Bg5 Bb7 8.
e3 d6 9. Bd3 Nbd7 10. Nd2 h6 11. Bh4 e5 12. d5 c6 13. e4 cxd5 14. cxd5 Nc5 15.
Bc2 Ba6 16. Qf3 Rc8 17. b4 Ne6 18. Bd3 Nd4 19. Qe3 Rc3 0-1

[Event "Baku Open 2023"]
[Site "Baku AZE"]
[Date "2023.05.12"]
[Round "9.32"]
[White "Allahverdiyeva, Ayan"]
[Black "Ilamparthi, A R"]
[Result "0-1"]
[WhiteTitle "WFM"]
[BlackTitle "IM"]
[WhiteElo "2055"]
[BlackElo "2408"]
[WhiteFideId "13412590"]
[BlackFideId "45015775"]
[EventDate "2023.05.04"]

1. e4 c5 2. Nf3 d6 3. d4 cxd4 4. Nxd4 Nf6 5. Nc3 a6 6. Be3 Ng4 7. Bc1 Nc6 8.
Nxc6 bxc6 9. Be2 Nf6 10. O-O e6 11. f4 Be7 12. Bf3 O-O 13. b3 Qb6+ 14. Kh1 a5
15. Na4 Qc7 16. c4 d5 17. e5 Nd7 18. Bb2 Nb6 19. Nxb6 Qxb6 20. f5 exf5 21. cxd5
cxd5 22. Bxd5 Rb8 23. Rc1 Be6 24. Rc6 Qb5 25. Rxe6 fxe6 26. Bxe6+ Kh8 27. Bd7
Qb6 28. Bxf5 Rbd8 29. Qe2 Qh6 30. Bc1 Bg5 31. e6 Rxf5 32. e7 Rxf1+ 33. Qxf1 Rg8
34. Qe1 Re8 0-1

[Event "Baku Open 2023"]
[Site "Baku AZE"]
[Date "2023.05.12"]
[Round "9.33"]
[White "Talibov, Shiroghlan"]
[Black "Abdulla, Khayala"]
[Result "1-0"]
[WhiteTitle "FM"]
[BlackTitle "WGM"]
[WhiteElo "2359"]
[BlackElo "2213"]
[WhiteFideId "13429078"]
[BlackFideId "13401807"]
[EventDate "2023.05.04"]

1. e4 e5 2. Nf3 Nc6 3. Bb5 a6 4. Ba4 Nf6 5. O-O Nxe4 6. d4 Be7 7. Re1 b5 8. Rxe4
d5 9. Nxe5 Nxe5 10. Rxe5 bxa4 11. Nc3 O-O 12. Rxd5 Bd6 13. Bf4 Re8 14. Qd2 a3
15. b3 h6 16. Bxd6 cxd6 17. Qf4 Bb7 18. Rh5 Rc8 19. Rh3 Qa5 20. Qd2 Re6 21. d5
Re5 22. Rd3 Rce8 23. h3 Bc8 24. Rg3 Bf5 25. Kh2 Bg6 26. Qd4 Rb8 27. Rc1 Rb4 28.
Qd2 Qc5 29. Rd1 Rf5 30. Re3 Rff4 31. Qe2 a5 32. Rd2 Rbd4 33. Kg1 Bh5 34. Rxd4
Bxe2 35. Rxf4 Ba6 36. Ref3 f6 37. Re4 Kf7 38. Rfe3 Kf8 39. Re8+ Kf7 40. R8e7+
Kf8 41. Rd7 f5 42. Rg3 f4 43. Rf3 Kg8 44. Rd8+ Kh7 45. Rf8 g5 46. Kh2 Qd4 47.
Re8 Kg7 48. Re7+ Kf8 49. Re4 h5 50. h4 Qd2 51. hxg5 Qxc2 52. Rexf4+ 1-0

[Event "Baku Open 2023"]
[Site "Baku AZE"]
[Date "2023.05.12"]
[Round "9.34"]
[White "Nurgali, Nazerke"]
[Black "Dushyant, Sharma"]
[Result "1-0"]
[WhiteTitle "WIM"]
[BlackTitle "IM"]
[WhiteElo "2150"]
[BlackElo "2355"]
[WhiteFideId "13711261"]
[BlackFideId "25065130"]
[EventDate "2023.05.04"]

1. d4 d5 2. Nf3 e6 3. g3 Nf6 4. Bg2 b5 5. a4 b4 6. c4 bxc3 7. Nxc3 c5 8. O-O
Nbd7 9. Bf4 Ba6 10. Re1 Be7 11. e4 dxe4 12. Nxe4 Nxe4 13. Rxe4 Nf6 14. Re1 Bb7
15. dxc5 Bxc5 16. Qxd8+ Rxd8 17. Be3 Bxe3 18. Rxe3 Rb8 19. Rb3 O-O 20. Rc1 Bd5
21. Rxb8 Rxb8 22. Ne5 h6 23. Bxd5 Nxd5 24. Rc2 a5 25. Nc6 Rc8 26. Rc4 Ra8 27.
Rc5 Kf8 28. Nxa5 Ke7 29. b3 Kd7 30. Nc4 Rb8 31. Rb5 Rxb5 32. axb5 Nc3 33. b6 Kc6
34. Kg2 Nb5 35. Ne5+ Kxb6 36. Nxf7 Nd4 37. Nd6 Nxb3 38. Ne8 g6 39. Nd6 Kc5 40.
Nf7 h5 41. h4 Kd5 42. Nh8 e5 43. Nxg6 Ke6 44. Nf8+ Kf5 45. Nh7 Nd2 46. Ng5 Kf6
47. Nf3 Ne4 48. Kf1 Kf5 49. Ke2 Nc3+ 50. Kd2 Nd5 51. Nh2 Ke4 52. Ke2 Nc3+ 53.
Kf1 Nb1 54. Kg1 Nd2 55. Kg2 Kf5 56. Nf1 Ne4 57. Ne3+ Kf6 58. f3 Nc5 59. Kf2 Nd3+
60. Ke2 Nc1+ 61. Kd2 Nb3+ 62. Kd3 Nd4 63. Ke4 Ne2 64. Nf1 Ke6 65. Ke3 Nc3 66.
Kd3 Nb5 67. Nd2 Kf5 68. Kc4 Nd4 69. Kd5 Ne2 70. Ne4 Nd4 71. Nd6+ Kf6 72. Ke4 Ne2
73. g4 hxg4 74. fxg4 Ke6 75. Nf5 Nc3+ 76. Kd3 Nd5 77. Ne3 Nf6 78. g5 Nd7 79. Ke4
Nc5+ 80. Kf3 Nd3 81. h5 Nf4 82. Kg4 Kf7 83. Nc4 Ke6 84. h6 Ng6 85. Ne3 e4 86.
Ng2 Ne7 87. h7 Ng6 88. Nf4+ 1-0

[Event "Baku Open 2023"]
[Site "Baku AZE"]
[Date "2023.05.12"]
[Round "9.35"]
[White "Mammadova, Gulnar"]
[Black "Ismayil, Malak"]
[Result "1/2-1/2"]
[WhiteTitle "IM"]
[BlackTitle "WFM"]
[WhiteElo "2349"]
[BlackElo "2115"]
[WhiteFideId "13403508"]
[BlackFideId "13412604"]
[EventDate "2023.05.04"]

1. c4 e5 2. Nc3 Nf6 3. Nf3 Nc6 4. e3 Bb4 5. Qc2 O-O 6. Nd5 Be7 7. a3 d6 8. Be2
h6 9. O-O Be6 10. e4 Bg4 11. Nxf6+ Bxf6 12. Qd1 Bxf3 13. Bxf3 a5 14. d3 Bg5 15.
Be3 a4 16. Bg4 Bxe3 17. fxe3 Qg5 18. Qe2 g6 19. Rf2 Ne7 20. Raf1 Kg7 21. Rf3 f5
22. exf5 gxf5 23. Qf2 Kh8 24. Qg3 Rf6 25. Bxf5 Qxg3 26. hxg3 Kg7 27. Be4 Rxf3
28. gxf3 c6 29. f4 d5 30. Bf3 Kf6 31. cxd5 cxd5 32. Rc1 exf4 33. gxf4 Ra5 34.
Kf2 Rb5 35. Rc2 Rb3 36. Ke2 Ke6 37. e4 dxe4 38. Bxe4 Ng8 39. Ke3 Nf6 40. Bf3 h5
41. Be4 h4 42. Kd4 Rb5 43. f5+ Kd6 44. Ke3 Ke5 45. d4+ Kd6 46. Kf4 h3 47. Bf3
Rb3 48. Re2 Kd7 49. Rh2 Ke7 50. Rxh3 Rxb2 51. Rh1 Rb3 52. Re1+ Kf7 53. Re3 b5
54. Re5 b4 55. axb4 Rxb4 56. Ke3 Rb3+ 57. Ke2 Rb4 58. Ke3 Rb3+ 59. Kf4 Rb4 60.
Ra5 Rxd4+ 61. Ke5 Rd7 62. Rxa4 Re7+ 63. Kf4 Rc7 64. Bd1 Rb7 65. Be2 Re7 66. Bc4+
Kg7 67. Be6 Rb7 68. Rc4 Ra7 69. Rb4 Nh5+ 70. Kg5 Nf6 71. Rb1 Nh7+ 72. Kf4 Kf6
73. Rb6 Ra4+ 74. Bc4+ Kg7 75. Rb7+ Kh6 76. Rc7 Nf6 77. Ke5 Ng4+ 78. Kf4 Nf6 79.
Rc6 Kg7 80. Ke5 Ra5+ 81. Ke6 Ra7 82. Be2 Ng8 83. Bc4 Nf6 84. Rb6 Rc7 85. Ba2 Ra7
86. Bc4 Rc7 87. Bd3 Nh5 88. Ke5 Re7+ 89. Re6 Rxe6+ 90. fxe6 Nf6 91. Bb5 Ng8 92.
Bd3 Kf8 93. Kd6 Ne7 94. Kd7 Ng8 95. Bh7 Ne7 96. Be4 Ng8 97. Bg6 Ne7 98. Bh7 Nd5
99. Bc2 Ne7 100. Ba4 Nf5 101. Kd8 Ne7 102. Bc2 Nc6+ 103. Kd7 Ne7 104. Bh7 1/2-1/2

[Event "Baku Open 2023"]
[Site "Baku AZE"]
[Date "2023.05.12"]
[Round "9.36"]
[White "Shahaliyev, Ismayil"]
[Black "Chitlange, Sakshi"]
[Result "1-0"]
[WhiteTitle "IM"]
[BlackTitle "WIM"]
[WhiteElo "2400"]
[BlackElo "2241"]
[WhiteFideId "13406388"]
[BlackFideId "35002899"]
[EventDate "2023.05.04"]

1. d4 Nf6 2. c4 e6 3. Nf3 d5 4. g3 Bb4+ 5. Bd2 Be7 6. Bg2 O-O 7. O-O Nbd7 8. Qc2
c6 9. Bf4 Ne4 10. Nfd2 f5 11. f3 Nxd2 12. Nxd2 Bf6 13. Nb3 a5 14. Rad1 a4 15.
Nc1 Qb6 16. c5 Qb4 17. e3 Re8 18. Rfe1 e5 19. dxe5 Nxe5 20. Bxe5 Bxe5 21. Nd3
Qa5 22. Nxe5 Rxe5 23. Kf2 Bd7 24. Rd4 Re7 25. Rc1 Be6 26. Bf1 Rc7 27. a3 Re7 28.
Bd3 g6 29. Qc3 Ree8 30. Rb4 Qc7 31. Bc2 Re7 32. Bxa4 Rae8 33. Qd4 Bc8 34. Rc3
Qd7 35. Qf4 Re5 36. h4 Qe7 37. Bc2 Qg7 38. Qd4 Qc7 39. Ke2 Qe7 40. Kd2 Qc7 41.
Qf4 Qe7 42. Rd4 Qg7 43. Ra4 h6 44. Qd4 Qc7 45. Ra8 h5 46. Ra4 Kh7 47. Qf4 Qe7
48. Rd4 Qg7 49. a4 Qe7 50. Rb4 Qc7 51. Rd4 Qe7 52. b3 Qg7 53. b4 Bd7 54. Rb3 Qe7
55. Bd1 Qf8 56. Rc3 Qe7 57. Ke2 Rf8 58. Bc2 Re8 59. Kf2 Ra8 60. Bb3 Re8 61. Bd1
Ra8 62. Rd2 Rf8 63. Qd4 Re4 64. fxe4 fxe4+ 65. Ke1 Qf7 66. Re2 Qf1+ 67. Kd2 Bg4
68. Rc1 Bxe2 69. Bxe2 Qg2 70. Qe5 1-0

[Event "Baku Open 2023"]
[Site "Baku AZE"]
[Date "2023.05.12"]
[Round "9.37"]
[White "Dixit, Nikhil"]
[Black "Atakishiyev, Elmar"]
[Result "1/2-1/2"]
[WhiteTitle "FM"]
[BlackTitle "FM"]
[WhiteElo "2257"]
[BlackElo "2363"]
[WhiteFideId "5059534"]
[BlackFideId "13410547"]
[EventDate "2023.05.04"]

1. e4 c5 2. Nf3 d6 3. Bb5+ Bd7 4. Bxd7+ Nxd7 5. O-O Ngf6 6. Re1 e6 7. c3 Be7 8.
d4 O-O 9. e5 Ne8 10. exd6 Bxd6 11. d5 exd5 12. Qxd5 Qc7 13. Na3 Nef6 14. Qd3 1/2-1/2

[Event "Baku Open 2023"]
[Site "Baku AZE"]
[Date "2023.05.12"]
[Round "9.38"]
[White "Suleymanli, Suleyman"]
[Black "Bashirli, Nail"]
[Result "1/2-1/2"]
[WhiteTitle "FM"]
[BlackTitle "IM"]
[WhiteElo "2258"]
[BlackElo "2326"]
[WhiteFideId "13416375"]
[BlackFideId "13406809"]
[EventDate "2023.05.04"]

1. Nf3 c5 2. c4 Nf6 3. g3 b6 4. Bg2 Bb7 5. Nc3 g6 6. O-O Bg7 7. Re1 O-O 8. e4
Nc6 9. e5 Ne8 10. d4 cxd4 11. Nxd4 Nc7 12. Nxc6 dxc6 13. Bg5 Re8 14. Qd2 Ne6 15.
Rad1 Qc7 16. Qd7 Rac8 17. Qxc7 Rxc7 18. Bc1 Kf8 19. f4 Rd8 20. Rxd8+ Nxd8 21.
Rd1 Ke8 22. b4 Rd7 23. Rxd7 Kxd7 24. Be3 Kc7 25. Ne4 Ba6 26. Bf1 Bc8 27. Kf2 Ne6
28. g4 Nf8 29. Kf3 h6 30. h4 h5 31. gxh5 gxh5 32. Ng3 Bg4+ 33. Kf2 Ng6 34. Be2
Nxh4 35. Nxh5 Bxe2 36. Kxe2 Bf8 37. Ng3 e6 38. b5 Ng2 39. a4 Nh4 40. Kd3 Bb4 41.
Ke4 1/2-1/2

[Event "Baku Open 2023"]
[Site "Baku AZE"]
[Date "2023.05.12"]
[Round "9.39"]
[White "Mahalakshmi, M"]
[Black "Mohamed, Anees M"]
[Result "1-0"]
[WhiteTitle "WIM"]
[BlackTitle "FM"]
[WhiteElo "2210"]
[BlackElo "2317"]
[WhiteFideId "5001080"]
[BlackFideId "35065815"]
[EventDate "2023.05.04"]

1. d4 d5 2. Nf3 Nf6 3. c3 e6 4. Bf4 c5 5. e3 Bd6 6. Nbd2 Qc7 7. dxc5 Bxf4 8.
Qa4+ Nbd7 9. exf4 O-O 10. Be2 Nxc5 11. Qd4 b6 12. O-O Bb7 13. g3 Ne8 14. Bd3 Nd6
15. Rfe1 Rad8 16. Bc2 Rfe8 17. Rad1 f6 18. Nb3 a5 19. Nxc5 bxc5 20. Qd3 g6 21.
Nh4 Nc4 22. Qe2 e5 23. Ba4 Re7 24. Bb3 Nb6 25. fxe5 fxe5 26. Qg4 Rf8 27. Rd2 Kh8
28. Rde2 e4 29. Qg5 Kg7 30. f4 Rf6 31. Ng2 Ba6 32. Rd2 h6 33. Qh4 d4 34. cxd4
cxd4 35. g4 Rd6 36. g5 Nc4 37. Rc1 e3 38. Rdc2 h5 39. Bxc4 Rc6 40. f5 Rd7 41.
f6+ Kh8 42. Qe4 Bxc4 43. Rxc4 Rxc4 44. Qe8+ Kh7 45. Rxc4 Qd8 46. f7 1-0

[Event "Baku Open 2023"]
[Site "Baku AZE"]
[Date "2023.05.12"]
[Round "9.40"]
[White "Mamedov, Edgar"]
[Black "Toncheva, Nadya"]
[Result "1-0"]
[WhiteTitle "FM"]
[BlackTitle "FM"]
[WhiteElo "2248"]
[BlackElo "2295"]
[WhiteFideId "13739980"]
[BlackFideId "2924056"]
[EventDate "2023.05.04"]

1. d4 d5 2. Nf3 Nf6 3. Bf4 c5 4. e3 Nc6 5. Nbd2 Qb6 6. dxc5 Qxb2 7. Rb1 Qc3 8.
Bb5 g6 9. e4 dxe4 10. Be5 Qa5 11. O-O exf3 12. Bxc6+ bxc6 13. Qxf3 Qd8 14. Rfe1
Qd5 15. Bxf6 Qxf3 16. Nxf3 Rg8 17. Nd4 Bd7 18. Be5 Kd8 19. Nb3 f6 20. Bg3 g5 21.
f3 e5 22. Bf2 Rg7 23. Nd2 Bf5 24. Ne4 Bxe4 25. fxe4 Rd7 26. Be3 Kc7 27. Rb3 Rb8
28. Reb1 Rxb3 29. axb3 Kb7 30. Ra1 h5 31. Kf2 Rf7 32. Ke2 f5 33. exf5 Rxf5 34.
Kd3 e4+ 35. Kxe4 Rf7 36. Kd3 Rf5 37. b4 Bg7 38. Rd1 g4 39. c4 Rf7 40. Ke2 Be5
41. h3 gxh3 42. gxh3 Re7 43. Kf3 Rg7 44. Ke4 Bc7 45. Rf1 Re7+ 46. Kd3 Rg7 47.
Ke2 a6 48. Rf5 Rg2+ 49. Bf2 Rh2 50. Rf3 Rh1 51. Be1 Kc8 52. h4 Bd8 53. Rf4 Kd7
54. Rd4+ Kc8 55. Rd6 Bxh4 56. Rxc6+ Kb7 57. Rb6+ Ka7 58. Bxh4 Rxh4 59. Kd3 Rh1
60. b5 axb5 61. cxb5 h4 62. Rh6 h3 63. Kc2 h2 64. Kb2 Kb8 65. Rh7 Kc8 66. b6 Rg1
67. Rxh2 Rg5 68. Rh8+ Kb7 69. Rh7+ Kb8 70. Rc7 Rg3 71. Kc2 Rh3 72. Kd2 Rg3 73.
Rh7 Rb3 74. Kc2 Rb5 75. Rc7 Rb4 76. Kc3 1-0

[Event "Baku Open 2023"]
[Site "Baku AZE"]
[Date "2023.05.12"]
[Round "9.42"]
[White "Bayramov, Zaur"]
[Black "Garayev, Kanan"]
[Result "0-1"]
[WhiteTitle "FM"]
[BlackTitle "IM"]
[WhiteElo "2310"]
[BlackElo "2346"]
[WhiteFideId "13405080"]
[BlackFideId "13406671"]
[EventDate "2023.05.04"]

1. c4 e5 2. Nc3 Nf6 3. Nf3 e4 4. Ng5 c6 5. d3 exd3 6. Qxd3 d5 7. g3 h6 8. Nf3
dxc4 9. Qxc4 Be6 10. Qa4 Nbd7 11. Bg2 Bc5 12. O-O O-O 13. h3 Nb6 14. Qc2 Re8 15.
e4 Bc4 16. Rd1 Qe7 17. b3 Ba6 18. e5 Nfd7 19. Bb2 Ba3 20. Bxa3 Qxa3 21. Qf5 Qe7
22. Re1 Nc5 23. Rad1 Rad8 24. Bf1 Rxd1 25. Rxd1 Bxf1 26. Kxf1 Rd8 27. Qc2 Rxd1+
28. Qxd1 Ne6 29. Kg2 Qb4 30. Qc2 Nd7 31. Ne4 Nd4 32. Nxd4 Qxd4 33. f4 Nb6 34.
Nd6 Nd5 35. Nf5 Qe3 36. Kh2 Qe1 37. h4 h5 38. Qd3 Qf2+ 39. Kh1 g6 40. Ne7+ Nxe7
41. Qd8+ Kg7 42. Qxe7 Qxg3 43. Qf6+ Kg8 44. Qd8+ Kh7 45. Qf6 Qh3+ 46. Kg1 Qd7
47. Kf2 c5 48. Ke2 Qd5 49. Ke3 Kg8 50. Qd6 Qh1 51. Qd8+ Kh7 52. Qf6 Qh3+ 53. Ke4
Qd7 54. Ke3 b5 55. Qd6 Qh3+ 56. Ke4 Qxh4 57. Qxc5 Qh1+ 58. Kd3 Qf3+ 59. Kc2 Qxf4
60. Qxb5 h4 0-1